Bola de Prata (1ª Divisão Portugal Futebol) - Statistics

Estatísticas Gerais
  • Esse quiz foi jogado 229 vezes
  • A pontuação média é 14 de 31
Estatísticas das Respostas
Hint Resposta % Correto
2015/16 Jonas
85%
2017/18 Jonas
85%
1996/97 Mário Jardel
78%
1997/98 Mário Jardel
78%
1998/99 Mário Jardel
78%
1999/00 Mário Jardel
78%
2001/02 Mário Jardel
78%
2009/10 Óscar Cardozo
62%
2011/12 Óscar Cardozo
62%
2012/13 Jackson Martínez
61%
2013/14 Jackson Martínez
61%
2014/15 Jackson Martínez
61%
2020/21 Pedro Gonçalves
61%
2016/17 Bas Dost
58%
2010/11 Hulk
58%
2018/19 Haris Seferovic
56%
2004/05 Liedson
50%
2006/07 Liedson
50%
2019/20 Carlos Vinícius
36%
2007/08 Lisandro López
24%
2008/09 Nenê
16%
2003/04 Benni McCarthy
12%
1990/91 Rui Águas
12%
2000/01 Renivaldo Pena
11%
2002/03 Simão Sabrosa
11%
1995/96 Domingos Paciência
9%
2005/06 Meyong
8%
1992/93 Jorge Cadete
7%
1991/92 Ricky
5%
1993/94 Rashidi Yekini
4%
1994/95 Hassan Nader
3%
Nenhum quiz correspondente encontrado
Distribuição das Pontuações
Porcentagem de Pessoas com Cada Pontuação
Percentil de Números Respondidos
Sua Pontuação Histórica
Você não jogou esse quiz